| 000 | 00498cam a2200157ua 4500 | ||
|---|---|---|---|
| 020 | _a0 7923 4432 4 | ||
| 041 |
_aeng _h |
||
| 082 |
_a628.16836 _bHAD/CY |
||
| 100 | _aHadjiliadias, Nick D . | ||
| 245 |
_aCytotoxic, Mutagenic and carcinogenic potential of heavy metals related to human environment vol-26 / _cNick D Hadjiliadias. _hTextual Documents |
||
| 260 |
_aLondon : _bKluwer Academic Publishers , _c1996. |
||
| 300 | _a629 ; . | ||
| 504 | _a | ||
| 942 | _cBK | ||
| 999 |
_c10146 _d10146 |
||